Statistics for Premier League Players By Letter - A

Click here to take the quiz!

General Stats

  • This quiz has been taken 221 times
    (220 since last reset)
  • The average score is 13 of 23

Answer Stats

First NameSurnameClub% Correct
DeleAlliTottenham Hotspur
95%
SergioAgüeroManchester City
90%
MikelArtetaArsenal
87%
CésarAzpilicuetaChelsea
81%
TobyAlderweireldTottenham Hotspur
78%
CharlieAdamStoke City
76%
JoeAllenLiverpool
76%
JordanAyewAston Villa
76%
AndréAyewSwansea City
76%
NathanAkéWatford
70%
MarkoArnautovicStoke City
70%
MarkAlbrightonLeicester City
56%
GabrielAgbonlahorAston Villa
53%
IbrahimAfellayStoke City
46%
VurnonAnitaNewcastle United
38%
VictorAnichebeWest Bromwich Albion
37%
-AdrianWest Ham United
30%
JordiAmatSwansea City
30%
ChristianAtsuBournemouth
26%
AlmenAbdiWatford
23%
MorganAmalfitanoWest Ham United
22%
JordanAmaviAston Villa
22%
RicardoAlvarezSunderland
13%

Score Distribution

Percentile by Number Answered

Percent of People with Each Score

Your Score History

You have not taken this quiz since the last reset